রিপোর্ট: জাতীয় সংসদ নির্বাচন, ১৯৮৬ / (Record no. 19218)

MARC details
000 -LEADER
fixed length control field 00731nam a22001817a 4500
003 - CONTROL NUMBER IDENTIFIER
control field BDDh-ASL
005 - DATE AND TIME OF LATEST TRANSACTION
control field 20231015025749.0
008 - FIXED-LENGTH DATA ELEMENTS--GENERAL INFORMATION
fixed length control field 201121s1988 b ||||| |||| 00| 0 b d
040 ## - CATALOGING SOURCE
Original cataloging agency BDDh-ASL
Transcribing agency BDDh-ASL
041 ## - LANGUAGE CODE
Language code of text/sound track or separate title ben
082 ## - DEWEY DECIMAL CLASSIFICATION NUMBER
Classification number 324
Item number BAR
110 1# - MAIN ENTRY--CORPORATE NAME
9 (RLIN) 2149
Corporate name or jurisdiction name as entry element বাংলাদেশ নির্বাচন কমিশন
245 10 - TITLE STATEMENT
Title রিপোর্ট: জাতীয় সংসদ নির্বাচন, ১৯৮৬ /
260 ## - PUBLICATION, DISTRIBUTION, ETC.
Place of publication, distribution, etc. ঢাকা :
Name of publisher, distributor, etc. বাংলাদেশ নির্বাচন কমিশন,
Date of publication, distribution, etc. 1988.
300 ## - PHYSICAL DESCRIPTION
Extent ২৮৩ পৃ. :
Dimensions ২২ সে. মি.
650 #0 - SUBJECT ADDED ENTRY--TOPICAL TERM
9 (RLIN) 1441
Topical term or geographic name entry element রিপোর্ট
General subdivision জাতীয় সংসদ নির্বাচন
942 ## - ADDED ENTRY ELEMENTS (KOHA)
Source of classification or shelving scheme Dewey Decimal Classification
Koha item type Books
Holdings
Withdrawn status Lost status Source of classification or shelving scheme Damaged status Not for loan Collection code Home library Current library Shelving location Date acquired Source of acquisition Total Checkouts Full call number Barcode Date last seen Copy number Price effective from Koha item type
    Dewey Decimal Classification     Non-fiction Asiatic Society Library Asiatic Society Library General Stacks 11/21/2020 Complementary   324 BAR 102515 11/21/2020 C-1 11/21/2020 Books

Powered by Koha